Countries that Start with M - Map Quiz - Statistics

General Stats
  • This quiz has been taken 133 times
  • The average score is 16 of 17
Answers on the Map
Answers color-coded by a green-red scale on the quiz's map according to % correct below.
 
Answer Stats
Country % Correct
Madagascar
100%
Mexico
100%
Mongolia
100%
Morocco
99%
Malaysia
98%
Mali
96%
Myanmar
96%
Monaco
95%
Malta
94%
Moldova
94%
Maldives
93%
Mozambique
92%
Montenegro
90%
Malawi
89%
Mauritania
89%
Mauritius
89%
Marshall Islands
85%
No matching quizzes found
Score Distribution
Percent of People with Each Score
Percentile by Number Answered
Your Score History
You have not taken this quiz